000 01312nam a2200277Ia 4500
003 OSt
005 20200918172949.0
008 191128s1999 ck gr 000 0 spa d
020 _a9589136044
040 _aCO-JMCR
_cCO-JMCR
041 0 _aspa
082 0 4 _a916 /
_bE775c
_223
100 1 _aEspinosa, Germán,
_eautor
_910549
245 1 0 _aCrónicas de un caballero andante 1958-1999 /
_cGermán Espinosa
250 _aPrimera edición
260 _aBogotá :
_bEdiciones Aurora,
_c1999
300 _a431 Páginas ;
_c21 cm.
490 0 _aLiteratura colombiana
500 _aIncluye datos biográficos y retrato del autor en solapa.
505 0 _aLa noche de las posturas -- Los tigres fantasmales de Baghelkhand -- Un concepto de la docencia -- Las resurrecciones de Saint-Germain -- Acerca de la muerte negra -- Variaciones en torno al pudor -- La gota fría sobre Washington
520 3 _aEn las crónicas de un caballero andante, el autor, haciendo uso riguroso de la historiografía, nos comenta con maestría sobre las culturas milenarias del África, la peste a lo largo de los siglos, los horrores del fascismo y de la II Guerra Mundial.
650 1 4 _aCrónicas--Africa
_910550
651 4 _aAfrica
_xhistoria
_zSiglo XX
_910551
651 4 _aAfrica
_xcivilización
_910552
942 _2ddc
_cBK
999 _c3913
_d3913